LDR 01242nam a2200205 4500 001 000000367058 003 CaOOAMICUS 005 20260327134016.0 008 260327s1902 it 000 u ita r 040 $aSeMil$bita 100 1 $aScatti, Giuseppe
.$0(OLS)http://semarc/name/72263 245 10$aS. Gerardo de' Tintori cittadino monzese :$bpanegirico recitato da S. Ecc.za Ill.ma e Rev.ma Mons. Gius. Scatti il 3. giorno delle solenni feste celebrate nella Basilica di S. Giov. Battista al 27.28.29 ottobre 1901 /$cedito a cura della Commissione capitolare. 264 1$aMonza :$bArtigianelli Orfani,$c1902. 300 $a15 p. : ill. ;$c24 cm 650 4$aGerardo : dei Tintori
- Celebrativi.$0(OLS)http://semarc/subject/17031 850 $aSeMil 852 $aSeMil$W1$xVenegono$y1$m5C VIII 9/18$j269240$B257790$CSeMilBibl$Z2$F257790 $8M 996 $6245$aS. Gerardo de' Tintori cittadino monzese :$bpanegirico recitato da S. Ecc.za Ill.ma e Rev.ma Mons. Gius. Scatti il 3. giorno delle solenni feste celebrate nella Basilica di S. Giov. Battista al 27.28.29 ottobre 1901$9(OLS)http://semarc/title/458881 996 $6264$aMonza :$bArtigianelli Orfani$9(OLS)http://semarc/publisher/53506